Demokracia a trhové hospodárstvo vo východnej a strednej Európe
Recenzia knihy Demokracia a trhové hospodárstvo vo východnej Európe (Demokratie und Marktwirschaft in Osteuropa, Verlag Bertelsman Stiftung 1995). Autorský kolektív pod vedením Wernera Weidenfelda. Práca je rozdelená do štyroch častí. Časť venovaná Slovensku autorov M. Frommeho a S. Wolfa.
Salvato in:
| Autore principale: | |
|---|---|
| Altri autori: | |
| Natura: | Capitolo di libro |
| Lingua: | slovacco |
| Soggetti: | |
| Tags: |
Nessun Tag, puoi essere il primo ad aggiungerne!!
|
MARC
| LEADER | 00000naa a2200000 4500 | ||
|---|---|---|---|
| 001 | r019893 | ||
| 005 | 20221213100748.0 | ||
| 041 | 0 | |a slo | |
| 044 | |a SK | ||
| 245 | 1 | 0 | |a Demokracia a trhové hospodárstvo vo východnej a strednej Európe |c Juraj Stern, W. Weidenfeld |
| 520 | |a Recenzia knihy Demokracia a trhové hospodárstvo vo východnej Európe (Demokratie und Marktwirschaft in Osteuropa, Verlag Bertelsman Stiftung 1995). Autorský kolektív pod vedením Wernera Weidenfelda. Práca je rozdelená do štyroch častí. Časť venovaná Slovensku autorov M. Frommeho a S. Wolfa. | ||
| 610 | 2 | 0 | |a recenzie |
| 610 | 2 | 0 | |a demokracia |
| 610 | 2 | 0 | |a hospodárstvo trhové |
| 610 | 2 | 0 | |a politika vnútorná |
| 610 | 2 | 0 | |a stredná Európa |
| 610 | 2 | 0 | |a východná Európa |
| 610 | 2 | 0 | |a Slovensko |
| 100 | 1 | |a Stern, Juraj | |
| 700 | 1 | |a Weidenfeld, W. | |